Elogio de la locura
Gespeichert in:
| 1. Verfasser: | |
|---|---|
| Format: | Buch |
| Sprache: | Spanisch |
| Veröffentlicht: |
Madrid
Espasa-Calpe S. A
1976
|
| Ausgabe: | 6a. ed |
| Schriftenreihe: | Colección Austral, 1179
|
| Schlagworte: | |
| Tags: |
Tag hinzufügen
Keine Tags, Fügen Sie den ersten Tag hinzu!
|
MARC
| LEADER | 00000cam a2200000 a 4500 | ||
|---|---|---|---|
| 001 | UCD4576 | ||
| 003 | CL-VaPUC | ||
| 008 | 160713e19760000sp |||||||||||||||||spa|d | ||
| 020 | |a 8423911799 | ||
| 082 | 0 | 4 | |a 144 |b ERA |2 21 |
| 100 | 0 | |a Erasmo de Rotterdam |e author |9 368153 | |
| 245 | 1 | 0 | |a Elogio de la locura |
| 250 | |a 6a. ed | ||
| 300 | |a 147 p | ||
| 942 | |c BK | ||
| 945 | |d 20160713 20:53:00 |a dcastane | ||
| 260 | |a Madrid |b Espasa-Calpe S. A |c 1976 | ||
| 650 | 0 | |a Filosofía holandesa |9 319728 | |
| 650 | 7 | |a FILOSOFOS HOLANDESES |2 CL-VaPUC |9 571493 | |
| 650 | 0 | |a Humanismo |9 256530 | |
| 583 | |a last modification |c 20170531 12:54:03 |k Rodrigo Vera | ||
| 490 | 0 | |a Colección Austral, 1179 | |
| 999 | |c 365460 |d 365458 | ||
| 952 | |0 0 |1 0 |3 erb |4 0 |6 144_000000000000000_ERA_1976 |7 0 |8 A |9 479324 |a FDOHBE |b FDOHBE |e Huesbe Llanos, Marco Antonio, 1934- |i 5331390 |o 144 ERA 1976 |p 5331390 |r 2024-01-30 |w 2019-11-24 |y BK |z Catalogado en:20160713 |k HBE | ||